Obvodné oddelenie policajného zboru s klientským centrom

Gespeichert in:
Bibliographische Detailangaben
1. Verfasser: Papan, Peter (Verfasst von)
Weitere Verfasser: Maňková, Lucia (Betreuung Doktorarbeit)
Format: Manuskript Buch
Sprache:Slowakisch
Veröffentlicht: 2017
Schlagworte:
Online-Zugang:http://is.stuba.sk/zp/portal_zp.pl?podrobnosti=125961
https://opac.crzp.sk/?fn=detailBiblioForm&sid=4B7A8F8230E492173710608DC396
Tags: Tag hinzufügen
Keine Tags, Fügen Sie das erste Tag hinzu!

MARC

LEADER 00000ntm a22000003a 4500
001 stuzp62956
003 SK-STU
005 20230817102215.2
007 ta
008 150427s2015----xo-----f-mn---000-0-slo-d
040 |a STU  |b slo 
041 0 |a slo 
100 1 |a Papan, Peter  |u 010180  |4 aut  |U SvF Stavebná fakulta  |T SvF Katedra konštrukcií pozemných stavieb  |X 81691  |U V180  |Y 18  |7 81691 
242 0 1 |a District Police Department with Client Center  |y eng 
245 1 0 |a Obvodné oddelenie policajného zboru s klientským centrom 
260 |c 2017 
650 4 |a Obvodné oddelenie  |2 slo 
650 4 |a Klientské centrum  |2 slo 
650 4 |a Projekt na realizáciu  |2 slo 
650 4 |a District Department  |2 eng 
650 4 |a Client Center  |2 eng 
650 4 |a Realization project  |2 eng 
700 1 |a Maňková, Lucia  |u 010180  |k Z1  |4 ths  |U SvF Stavebná fakulta  |T SvF Katedra konštrukcií pozemných stavieb  |X 10111  |U V180  |Y 18  |7 A000010111 
856 4 |u http://is.stuba.sk/zp/portal_zp.pl?podrobnosti=125961 
856 4 |u https://opac.crzp.sk/?fn=detailBiblioForm&sid=4B7A8F8230E492173710608DC396